Mecze o trzecie miejsce na MŚ w Piłce Nożnej - Statystyki

Ogólne statystyki
  • Ten quiz został rozwiązany 87 razy
  • Średni wynik to 36 z 42
Statystyki odpowiedzi
Rok Reprezentacja % Poprawnych
1938 Brazylia
99%
1974 Brazylia
99%
1978 Brazylia
99%
2014 Brazylia
99%
1974 Polska
97%
1982 Polska
97%
1990 Anglia
96%
2018 Anglia
96%
1998 Chorwacja
96%
2022 Chorwacja
96%
2006 Niemcy
96%
2010 Niemcy
96%
1998 Holandia
95%
2014 Holandia
95%
2022 Maroko
95%
1934 Niemcy (III Rzesza)
95%
1966 Portugalia
95%
2006 Portugalia
95%
1986 Belgia
93%
2018 Belgia
93%
1958 Francja
88%
1982 Francja
88%
1986 Francja
88%
1954 Urugwaj
86%
1970 Urugwaj
86%
2010 Urugwaj
86%
1978 Włochy
86%
1990 Włochy
86%
1950 Hiszpania
84%
2002 Korea Południowa
82%
1938 Szwecja
81%
1950 Szwecja
81%
1994 Szwecja
81%
2002 Turcja
78%
1966 ZSRR
74%
1962 Jugosławia
67%
1962 Chile
66%
1934 Austria
58%
1954 Austria
58%
1994 Bułgaria
58%
1958 RFN
47%
1970 RFN
47%
Nie znaleziono quizów pasujących do podanych kryteriów
Rozkład punktacji
Procent ludzi z każdym wynikiem
Percentyl według liczby udzielonych odpowiedzi
Twoja historia wyników
Nie rozwiązałeś tego quizu